| 000 | 00592nam a2200229Ia 4500 | ||
|---|---|---|---|
| 008 | 180523s9999 xx 000 0 und d | ||
| 020 | _a0-572-03191-2 | ||
| 050 | _aMAIN HF 5386 | ||
| 050 | _b.J64 2006 | ||
| 100 | _aJohn, Larry. | ||
| 245 | 0 | _aThink rich to get rich : | |
| 245 | 4 | _bthe four golden rules for being successful in business / | |
| 245 | 0 | _cLarry john. | |
| 260 | _aLondon : | ||
| 260 | _bArcturus Pub. Ltd., | ||
| 260 | _c2006 | ||
| 300 | _a128 pages : | ||
| 300 | _c15 cm. | ||
| 500 | _aIncludes index. | ||
| 650 | _aSuccess in business. | ||
| 650 | _xWealth. | ||
| 999 |
_c357014 _d357014 |
||